New destination dreaming: immigration, race and legal status in the Rural American South/
में बचाया:
| मुख्य लेखक: | |
|---|---|
| स्वरूप: | पुस्तक |
| भाषा: | English |
| प्रकाशित: |
Stanford, California:
Stanford University Press,
2011
|
| टैग: |
टैग जोड़ें
कोई टैग नहीं, इस रिकॉर्ड को टैग करने वाले पहले व्यक्ति बनें!
|
MARC
| LEADER | 00000nam a22000007a 4500 | ||
|---|---|---|---|
| 003 | cru CIDCACS/IIS | ||
| 005 | 20180308101421.0 | ||
| 007 | ta | ||
| 008 | 180307t2007 -us|||||r|||||||| ||eng|d | ||
| 999 | |c 41114 |d 41114 | ||
| 020 | |a 9780804773089 | ||
| 040 | |c cru CIDCACS/IIS | ||
| 090 | |a 14.07.01 M361n | ||
| 100 | 1 | |9 6755 |a Marrow, Helen B. | |
| 245 | 1 | |a New destination dreaming: |b immigration, race and legal status in the Rural American South/ |c Helen B. Marrow | |
| 260 | |a Stanford, California: |b Stanford University Press, |c 2011 | ||
| 300 | |a 370 páginas: |b fotos | ||
| 500 | |a Donado por Joanna Dreby | ||
| 942 | |2 ddc |c LI | ||



